Gilmore Girls Random Trivia Part 4 - Statistics

General Stats
  • This quiz has been taken 462 times
    433 since last reset
  • The average score is 7 of 15
Answer Stats
Question Answer % Correct
What material did Paris say was historically incorrect for the Bracebridge dinner? Nylon
73%
What color of leather was Rory’s jacket when she and Lorelai were on the escalator, hiding from Emily? Dark tan
69%
What did Lorelai say was NOT in Madeline and Louis’ cups when she picked them up after The Bangles’ concert? Lemonade
64%
What color was Lorelai’s shirt in the very first episode? Pink
54%
What did Rory have to explain to Emily when she dropped her off at community service? What a shank was
52%
What did Paris sarcastically say Doyle could shove the kids through? Mail Slot
51%
What date did Lorelai claim Luke discovered the secret of parenting? Tuesday at 5:15
44%
How many blueberries is Michel allowed to eat in the morning? 13
43%
How many planted trees were placed in front of Lorelai’s garage to cover Luke’s boat? 4
39%
What color shirt was Lorelai wearing when she and Rory were arguing about stealing clothes and chest dimensions? Lavender
38%
What kind of dragon did Paris say Lane was ‘chasing’? It was just a normal dragon
31%
What did Lorelai’s shirt say on the night of the Bracebridge dinner? REMEMBER TO CHECK OUT MY OTHER GILMORE GIRLS QUIZ’S -Name Quiz -Number Quiz St. Bernard’s Bulldogs
30%
What did Lorelai do to Rory’s hair when they got ready for school in work? (This was a silent intro, only music) Take out a hair clip
30%
What color was the trim after Lorelai repainted ‘Luke’s Diner’? Burnt Orange
24%
What is a good isle to get kissed in according to Lorelai and Lane? Advil
10%
No matching quizzes found
Score Distribution
Percent of People with Each Score
Percentile by Number Answered
Your Score History
You have not taken this quiz since the last reset